| 000 | 00726nam a22002057a 4500 | ||
|---|---|---|---|
| 999 |
_c17709 _d17709 |
||
| 003 | AR-CdUCM | ||
| 008 | 190509b ||||| |||| 00| 0 spa d | ||
| 040 |
_aMUNICIPALIDAD PROVINCIAL DEL CUSCO _cBIBLIOTECA MUNICIPAL DEL CUSCO |
||
| 082 |
_a303.09 / _bB49 |
||
| 100 |
_aBijovski, B. _937853 |
||
| 245 | _aCiencia, sociedad y futuro / | ||
| 260 |
_aBuenos Aires : _bCartago, _c1965. |
||
| 300 |
_a140 páginas ; _bFotografías, _c20 cm. |
||
| 505 | _aContenido: Lo que podemos conocer -- ¿Qué es la naturaleza? -- ¿Qué es el hombre? -- ¿Qué podemos esperar?... | ||
| 650 |
_aProcesos sociales _93942 |
||
| 650 |
_aHistoria _9136 |
||
| 650 |
_aProgreso social _99837 |
||
| 942 |
_2ddc _cLIBROS |
||
| 945 |
_adavv _d2019-05-09 |
||